|
|
|
|
| LEADER |
01336cam a2200349Ia 4500 |
| 001 |
9780203167441 |
| 003 |
FlBoTFG |
| 005 |
20091230162920.0 |
| 006 |
a|||||s||||||||||| |
| 007 |
cr|||| |
| 008 |
011128s2002 enkabd sb 001 0 eng d |
| 020 |
|
|
|a 9780203167441 (e-book : PDF)
|
| 040 |
|
|
|a FlBoTFG
|c FlBoTFG
|d GrThAP
|
| 043 |
|
|
|a a-is---
|
| 090 |
|
|
|a DS122.8
|b .F57 2002
|
| 092 |
|
|
|a 933
|b F527
|
| 245 |
0 |
4 |
|a The first Jewish revolt
|h [electronic resource] :
|b archaeology, history, and ideology /
|c edited by Andrea M. Berlin and J. Andrew Overman.
|
| 260 |
|
|
|a London ;
|a New York :
|b Routledge,
|c 2002.
|
| 300 |
|
|
|a xii, 258 p. :
|b ill., maps, charts.
|
| 504 |
|
|
|a Includes bibliographical references and index.
|
| 530 |
|
|
|a Also available in print edition.
|b CRC Press (http://www.crcpress.com)
|
| 538 |
|
|
|a Mode of access: World Wide Web.
|
| 650 |
|
0 |
|a Jews
|x History
|y Rebellion, 66-73
|x Causes.
|
| 650 |
|
0 |
|a Jews
|x History
|y 168 B.C.-135 A.D.
|
| 650 |
|
0 |
|a Jews
|x Politics and government
|y To 70 A.D.
|
| 650 |
|
0 |
|a Excavations (Archaeology)
|z Israel
|z Galilee.
|
| 651 |
|
0 |
|a Galilee (Israel)
|x Antiquities.
|
| 655 |
|
7 |
|a Electronic books.
|2 lcsh
|
| 700 |
1 |
|
|a Berlin, Andrea.
|
| 700 |
1 |
|
|a Overman, J. Andrew,
|d 1955-
|
| 776 |
1 |
|
|z 9780415257060
|
| 856 |
4 |
0 |
|u http://www.tandfebooks.com/isbn/9780203167441
|z Full Text via HEAL-Link
|